000
00307nam a22001337a 4500
008
170529b xxu||||| |||| 00| 0 eng d
020
_a
9781256462644
041
_a
eng
080
_a
62
100
_a
25
101
_a
IM
245
_a
ADVANCES ENGINEERING MATHEMATICS
_c
GREENBERG.M.D
942
_2
udc
_c
BK
999
_c
14873
_d
14873